000
00294nam a22001337a 4500
008
180316b xxu||||| |||| 00| 0 eng d
020
_a
040474002087
041
_a
eng
080
_a
78
100
_a
45
101
_a
muz
245
_a
piggyback songs for school
_c
waren.j
942
_2
udc
_c
BK
999
_c
45283
_d
45283